000 00855nam a22002297a 4500
008 090114t xxu||||| |||| 00| 0 eng d
010 _aENG-92484
020 _a8189702033
_c425.00
035 _aEN-76017
037 _bDBAD / PUB
040 _adpl
_bEnglish
082 _a488.24
100 _aPaliwal, A.K.
245 _aLearn english /
_cby A.K. Paliwal
260 _aJaipur
_bRoyal Publications
_c2008
270 _a12 Bandu Nagar, Parmhans Colony, Sikar Road,
_bJaipur
_e23
300 _a280p.
_c23cm (Hb)
500 _aIncludes bibliographical references
650 _aEnglish language
_xStudy and teaching.
942 _2ddc
_cEN
_mPAL
_h488.07
999 _c20977
_d20977